English Football Clubs Ending in “United” - Statistics

General Stats
  • This quiz has been taken 553 times
    142 since last reset
  • The average score is 9 of 22
Answer Stats
“United” Clubs % Correct
Manchester United
99%
Newcastle United
84%
Sheffield United
76%
Leeds United
74%
West Ham United
72%
Oxford United
55%
Cambridge United
48%
Rotherham United
43%
Colchester United
42%
Peterborough United
41%
Carlisle United
39%
Southend United
31%
Scunthorpe United
29%
Torquay United
23%
Sutton United
20%
Hartlepool United
18%
Boston United
17%
Maidstone United
14%
AFC Telford United
7%
Ebbsfleet United
7%
Chesham United
6%
Maidenhead United
6%
No matching quizzes found
Score Distribution
Percent of People with Each Score
Percentile by Number Answered
Your Score History
You have not taken this quiz since the last reset